Základy manažmentu výroby. 1. diel

Na minha lista:
Detalhes bibliográficos
Main Authors: Leščin, M., Stern, J. (Author), Dupaľ, A. (Author), Dupaľ, Andrej (Author)
Formato: Livro
Idioma:eslovaco
Publicado em: Bratislava Vysoká škola ekonomická 1991
Edição:1. vyd.
Acesso em linha:View in OPAC
Tags: Adicionar Tag
Sem tags, seja o primeiro a adicionar uma tag!

MARC

LEADER 00000nam a2200000 a 4500
005 20260127134106.0
008 170420s1991 xo 0 slo
015 |a SNBA1991/09 
020 |a 8022502979  |c 18 Kčs. (600 výtl.) 
035 |a vtls001065569 
035 |a SNK000008399 
035 |a urn:nbn:sk:snk-amliz3 
035 |a urn:nbn:sk:snk-am00bohz 
035 |a 9B9E2D93-CCCB-48F9-9199-1094589E5D68 
039 9 |a 201704201524  |b VLOAD  |c 201606061349  |d VLOAD  |c 201411060955  |d VLOAD  |c 201306052119  |d VLOAD  |y 200412240146  |z VLOAD 
040 |a SNK  |b slo  |c SNK  |d STUSCHK1  |e AACR2 
041 0 |a slo 
044 |a xo  |c SK 
080 |a 658.5(075.8)  |2 1981 
100 1 |a Leščin, M. 
245 1 |a Základy manažmentu výroby. 1. diel  |c M. Leščin, J. Stern, A. Dupaľ ; Andrej Dupaľ 
250 |a 1. vyd. 
260 |a Bratislava  |b Vysoká škola ekonomická  |c 1991  |e Bratislava  |f Edičné stredisko VŠE 
300 |a 226 s., 19,221 AH  |b Tb. Sch.  |c 29 cm 
500 |a Vysokoškolské skriptá. Rozmn. 
700 1 |a Stern, J.  |4 aut 
700 1 |a Dupaľ, A.  |4 aut 
700 1 |a Dupaľ, Andrej  |4 aut 
919 |a 80-225-0297-9 
954 |a výroba  |x riadenie  |x učebnice VŠ 
958 0 7 |a RM 
958 0 7 |a UV 
999 |c 3898  |d 3898 
942 0 0 |0 1